| Tag |
First Indicator |
Second Indicator |
Subfields |
| LEADER |
00000cam a22000001a 4500 |
| 001 |
in00002872113 |
| 005 |
20190331173633.0 |
| 006 |
m o d |
| 007 |
cr bn mmmapmmp |
| 008 |
111209s1986 dcu o f000 0 eng d |
| 035 |
|
|
|a cis2004623527
|
| 040 |
|
|
|a UMI
|c UMI
|d UtOrBLW
|
| 043 |
|
|
|a n-us---
|
| 086 |
0 |
|
|a Y 1.1/6:99-26
|
| 099 |
|
|
|a ProQuest Serial Set Number 13681 Exec.Rpt.26
|
| 110 |
1 |
|
|a United States.
|b Congress.
|b Senate.
|b Committee on Foreign Relations.
|
| 245 |
1 |
0 |
|a Nomination of James L. Malone.
|
| 264 |
|
1 |
|a Washington :
|b [publisher not identified],
|c 1986.
|
| 300 |
|
|
|a 1 online resource.
|
| 336 |
|
|
|a text
|b txt
|2 rdacontent
|
| 337 |
|
|
|a computer
|b c
|2 rdamedia
|
| 338 |
|
|
|a online resource
|b cr
|2 rdacarrier
|
| 490 |
0 |
|
|a Exec. Rpt. 99-26
|
| 500 |
|
|
|a Record is based on bibliographic data in ProQuest U.S. Serial Set Digital Collection (last viewed Dec. 2011). Reuse except for individual research requires license from ProQuest, LLC.
|
| 510 |
3 |
|
|a ProQuest U.S. Serial Set Digital Collection
|
| 500 |
|
|
|a Electronic resource.
|
| 650 |
|
0 |
|a Diplomatic and consular service.
|
| 650 |
|
0 |
|a Nominations for office.
|
| 651 |
|
0 |
|a Belize.
|
| 655 |
|
7 |
|a Electronic books.
|2 local
|
| 710 |
2 |
|
|a ProQuest (Firm)
|
| 830 |
|
0 |
|a United States congressional serial set.
|
| 856 |
4 |
0 |
|u http://proxy.library.tamu.edu/login?url=http://congressional.proquest.com/congcomp/getdoc?SERIAL-SET-ID=13681+Exec.Rpt.26
|z Connect to the full text of this electronic book
|t 0
|
| 999 |
|
|
|a MARS
|
| 999 |
f |
f |
|s 9dfe1154-070d-3173-b410-f3d1056f1fe2
|i efd2b9a1-e468-3f3a-b09a-2468369ea354
|t 0
|
| 952 |
f |
f |
|a Texas A&M University
|b College Station
|c Electronic Resources
|d Available Online
|t 0
|e ProQuest Serial Set Number 13681 Exec.Rpt.26
|h Other scheme
|
| 998 |
f |
f |
|a ProQuest Serial Set Number 13681 Exec.Rpt.26
|t 0
|l Available Online
|